000
00317nam a2200157Ia 4500
100
_a
Luthans/ Fred
250
_a
9
942
_c
BK
654
_a
organisation
245
_a
Orgaisational behaviour
260
_b
McGraw - Hill
_c
2002
082
_a
658.4
_b
LUT
300
_a
644
546
_a
ENGLISH
999
_c
31119
_d
31119